Public art : (Record no. 22993)
[ view plain ]
| 000 -LEADER | |
|---|---|
| fixed length control field | 00901cam a2200277 i 4500 |
| 001 - CONTROL NUMBER | |
| control field | 1826381 |
| 005 - DATE AND TIME OF LATEST TRANSACTION | |
| control field | 20170125121430.0 |
| 008 - FIXED-LENGTH DATA ELEMENTS--GENERAL INFORMATION | |
| fixed length control field | 800424s1981 nyuaf 001 0 eng |
| 010 ## - LIBRARY OF CONGRESS CONTROL NUMBER | |
| LC control number | 80016189 |
| 020 ## - INTERNATIONAL STANDARD BOOK NUMBER | |
| International Standard Book Number | 0070513457 : |
| Terms of availability | $34.50 |
| 040 ## - CATALOGING SOURCE | |
| Original cataloging agency | DLC |
| Transcribing agency | DLC |
| Modifying agency | DLC |
| 050 00 - LIBRARY OF CONGRESS CALL NUMBER | |
| Classification number | N8798 .R42 1980 |
| 100 1# - MAIN ENTRY--PERSONAL NAME | |
| Personal name | Redstone, Louis G. |
| 245 10 - TITLE STATEMENT | |
| Title | Public art : |
| Remainder of title | new directions / |
| Statement of responsibility, etc. | Louis G. Redstone with Ruth R. Redstone. |
| 260 ## - PUBLICATION, DISTRIBUTION, ETC. (IMPRINT) | |
| Place of publication, distribution, etc. | New York : |
| Name of publisher, distributor, etc. | McGraw-Hill, |
| Date of publication, distribution, etc. | c1981. |
| 300 ## - PHYSICAL DESCRIPTION | |
| Extent | viii, 216 p., [16] leaves of plates : |
| Other physical details | ill. ; |
| Dimensions | 29 cm. |
| 500 ## - GENERAL NOTE | |
| General note | Includes index. |
| 650 #0 - SUBJECT ADDED ENTRY--TOPICAL TERM | |
| Topical term or geographic name as entry element | Public art. |
| 650 #0 - SUBJECT ADDED ENTRY--TOPICAL TERM | |
| Topical term or geographic name as entry element | Art and state. |
| 650 #0 - SUBJECT ADDED ENTRY--TOPICAL TERM | |
| Topical term or geographic name as entry element | Art patronage. |
| 700 1# - ADDED ENTRY--PERSONAL NAME | |
| Personal name | Redstone, Ruth R., |
| Relator term | joint author. |
| 942 ## - ADDED ENTRY ELEMENTS (KOHA) | |
| Source of classification or shelving scheme | |
| Koha item type | Hard Covered Materials |
| Withdrawn status | Lost status | Source of classification or shelving scheme | Damaged status | Not for loan | Home library | Current library | Shelving location | Date acquired | Source of acquisition | Total Checkouts | Full call number | Barcode | Date last seen | Price effective from | Koha item type |
|---|---|---|---|---|---|---|---|---|---|---|---|---|---|---|---|
| MACHAKOS UNIVERSITY LIBRARY | MACHAKOS UNIVERSITY LIBRARY | Technical section | 25/01/2017 | Donation(BFA) | N 8798 .R 42 1980 | 32174 | 05/07/2018 | 25/01/2017 | Hard Covered Materials |